01735cam a22003978i 450000100090000000300040000900500170001300800410003001000170007102000310008802000300011902000270014904000230017604200080019905000240020708200230023110000340025424501560028826300090044426400340045330000150048733600260050233700280052833800270055649000340058350400510061752002510066865000610091965000390098065000610101965000640108065000640114465000540120865000540126265000210131622063093OSt20230916151924.0210602s2021 nyu b 001 0 eng  a 2021018009 a9781032109510q(paperback) a9780367265014q(hardback) z9780429293511q(ebook) aDLCbengerdacDLC apcc00aPQ4063b.M5824 202100a853.8099287bMIT/G1 aMitchell, Katharine,eauthor.10aGender, writing, spectatorships :bevenings at the theatre, opera, and silent screen in late nineteenth-century Italy and beyond /cKatharine Mitchell. a2109 1aNew York :bRoutledge,c2021. avolumes cm atextbtxt2rdacontent aunmediatedbn2rdamedia avolumebnc2rdacarrier0 aThe nineteenth century series aIncludes bibliographical references and index. a"This monograph examines Italian women as protagonists and consumers of literature, theatre, opera, and film. Using personal writing, journalism, and canonical texts, it analyses female performance and women's responses"--cProvided by publisher. 0aItalian literaturey19th centuryxHistory and criticism. 0aItalian literaturexWomen authors. 0aItalian literaturey20th centuryxHistory and criticism. 0aWomen in the performing artszItalyxHistoryy19th century. 0aWomen in the performing artszItalyxHistoryy20th century. 0aWomen and the artszItalyxHistoryy19th century. 0aWomen and the artszItalyxHistoryy20th century. 0aFeminist theory.